Statistiken für Deutsche Städte die größer als Bochum sind

Klicken Sie hier um das Quiz zu spielen!

Allgemein

  • Dieses Quiz wurde 319 mal gespielt
  • Das Durchschnittsergebnis liegt bei 14 aus 15

Antwortstatistiken

EinwohnerStadt% Korrekt
3.520.031Berlin
100%
1.787.408Hamburg
100%
1.060.582Köln
99%
1.450.381München
99%
732.688Frankfurt am Main
97%
623.738Stuttgart
96%
586.181Dortmund
95%
557.464Bremen
94%
612.178Düsseldorf
93%
543.825Dresden
92%
560.472Leipzig
91%
532.163Hannover
90%
582.624Essen
89%
509.975Nürnberg
82%
491.231Duisburg
78%

Verteilung der Resultate

Perzentil nach korrekt beantworteten Fragen

Anzahl Personen mit jedem Resultat

Ihre Resultats-Entwicklung

Sie haben dieses Quiz noch nicht gespielt